| 000 | 01211cam a22003011i 4500 | ||
|---|---|---|---|
| 003 | SA-RiAUC | ||
| 005 | 20250717094427.0 | ||
| 008 | 250716s2002 ir g b 000 0 ara c | ||
| 020 | _a9643570479 (مج. 1) | ||
| 020 | _a9643570622 (مج. 2) | ||
| 020 | _a9643571254 (مج. 3) | ||
| 040 |
_aSA-JeALM _bara _cSA-RiAUC. _erda |
||
| 072 | 7 | _aMAI | |
| 082 | 0 | 4 | _a258.6 |
| 090 |
_a258.6 _b س ب ح |
||
| 100 | 1 |
_aالسبحاني، جعفر، _d1929- _eمؤلف. |
|
| 245 | 1 | 2 |
_aالإنصاف في مسائل دام فيها الخلاف : _bدراسات فقهية موجزة في مسائل احتدم فيها النقاش عبر القرون / _cجعفر محمد حسين السبحاني. |
| 250 | _aالطبعة الاولى. | ||
| 264 | 1 |
_aقم، إيران : _bمؤسسة الإمام الصادق، _c2003 |
|
| 300 |
_a3 مجلد (584 ؛ 628 ؛ 645 صفحة ) ؛ _c24 سم |
||
| 336 |
_aنص _btxt _2rdacontent _3كتاب |
||
| 337 |
_aبدون وسيط _bn _2rdamedia |
||
| 338 |
_aمجلد _bnc _2rdacarrier |
||
| 504 | _aيشتمل على إرجاعات ببليوجرافية. | ||
| 650 | 7 |
_aفقه الشيعة _2aucsh |
|
| 942 |
_2ddc _cBOOK _n0 |
||
| 949 |
_aSA-JeALM _d250716 _uosman123 _n1 |
||
| 999 |
_c10022 _d10022 |
||